| 000 | 01476nam0a22003611 4500 | ||
|---|---|---|---|
| 001 | v19\rc\1912692 | ||
| 005 | 20251118180604.0 | ||
| 035 | _a(NLR Aleph) 005000828 | ||
| 090 |
_a6384761 _c6384761 |
||
| 100 | _a20080404e19111911|||y0rusy50 ca | ||
| 101 | 0 | _arus | |
| 102 | _aRU | ||
| 105 | _aa z ||||| | ||
| 200 | 1 |
_aРусские меховые ценности и техника чеканки монет на миниатюрах XVI века _fВ.К. Трутовский |
|
| 210 |
_aМосква _cСинод. тип. _d1911 |
||
| 215 |
_a[4], 82, [1] с., 1 л. ил. _cил. _d27 |
||
| 311 | _aОтт. из "Нумизмат. сб.", т. 1 | ||
| 316 |
_aЭкз. РНБ (132/2608): с письмом автора _5NLR: 132/2608 |
||
| 316 |
_aЭкз. РНБ (132/2608): деф.: отсутствуют 1 л. ил. и опечатки _5NLR: 132/2608 |
||
| 488 | 0 | _12001#$aНумизматический сборник$vТ. 1 | |
| 532 | 1 | 3 | _aРусские меховые ценности и техника чеканки монет на миниатюрах XVI века |
| 700 | 1 |
_aТрутовский _bВ. К. _f1862-1932 _gВладимир Константинович |
|
| 801 | 0 |
_aRU _bNLR _gpsbo |
|
| 801 | 0 |
_aRU _bRuMoRGB _2psbo |
|
| 801 | 1 |
_aRU _bProSoft-M _2rusmarc |
|
| 852 |
_aNLR _j37.41.2.32 |
||
| 852 |
_aNLR _j132/2608 |
||
| 899 |
_aRuMoRGB _jW 349/221 |
||
| 899 | _aБАН | ||
| 899 | _aГПИБ | ||
| 942 | _cBOOK | ||
| 980 | _aNB | ||